[Event "Liape Cup Magistral A email"]
[Site "Liape email"]
[Date "2004.03.25"]
[Round "13"]
[White "Bonavena, Pablo"]
[Black "Moreira, Jose Americo Paiva"]
[Result "1/2-1/2"]
[WhiteElo "2057"]
[BlackElo "2320"]
[PlyCount "61"]
[EventDate "2004.03.13"]
[EventType "tourn (corr)"]
[EventRounds "14"]
[EventCountry "ARG"]
[SourceTitle "Corr 2006"]
[Source "ChessBase"]
[SourceDate "2006.04.01"]
[SourceVersion "3"]
[SourceVersionDate "2006.04.01"]
[SourceQuality "1"]

1. e4 e5 2. Nf3 Nc6 3. Bb5 a6 4. Ba4 Nf6 5. 0-0 Be7 6. Re1 b5 7. Bb3 0-0 8. c3 d6 9. h3 Bb7 10. d4 Na5 11. Bc2 c5 12. Nbd2 Qc7 13. d5 Bc8 14. b3 Ne8 15. Bb2 Bd7 16. Nf1 Nb7 17. Ne3 Nf6 18. a3 Na5 19. Nd2 Ne8 20. b4 Nb7 21. a4 Nf6 22. Qf3 Rfc8 23. axb5 axb5 24. Nb3 c4 25. Nd2 Ne8 26. Ndf1 Bg5 27. Ng3 Qd8 28. Reb1 Rxa1 29. Rxa1 Ra8 30. Rxa8 Qxa8 31. Bb1 1/2-1/2

[Event "Liape Cup Magistral A email"]
[Site "Liape email"]
[Date "2004.03.15"]
[Round "3"]
[White "Cesbron, Guy"]
[Black "Bonavena, Pablo"]
[Result "1/2-1/2"]
[WhiteElo "2201"]
[BlackElo "2057"]
[PlyCount "45"]
[EventDate "2004.03.13"]
[EventType "tourn (corr)"]
[EventRounds "14"]
[EventCountry "ARG"]
[SourceTitle "Corr 2006"]
[Source "ChessBase"]
[SourceDate "2006.04.01"]
[SourceVersion "3"]
[SourceVersionDate "2006.04.01"]
[SourceQuality "1"]

1. e4 c6 2. d4 d5 3. Nd2 dxe4 4. Nxe4 Nd7 5. Bc4 Ngf6 6. Ng5 e6 7. Qe2 Nb6 8. Bd3 h6 9. N5f3 c5 10. dxc5 Bxc5 11. Ne5 Nbd7 12. Ngf3 Qc7 13. Bf4 Bb4+ 14. Nd2 Bxd2+ 15. Kxd2 0-0 16. Rhd1 Qb6 17. Kc1 Nd5 18. Nxd7 Bxd7 19. Be5 f6 20. Bd4 Qd6 21. Qe4 f5 22. Qe5 Qxe5 23. Bxe5 1/2-1/2

[Event "Liape Cup Magistral A email"]
[Site "Liape email"]
[Date "2004.03.13"]
[Round "1"]
[White "Bascetta, Biagio J"]
[Black "Bonavena, Pablo"]
[Result "0-1"]
[WhiteElo "2282"]
[BlackElo "2057"]
[PlyCount "60"]
[EventDate "2004.03.13"]
[EventType "tourn (corr)"]
[EventRounds "14"]
[EventCountry "ARG"]
[SourceTitle "Corr 2006"]
[Source "ChessBase"]
[SourceDate "2006.04.01"]
[SourceVersion "3"]
[SourceVersionDate "2006.04.01"]
[SourceQuality "1"]

1. d4 Nf6 2. c4 e6 3. Nc3 Bb4 4. Bg5 h6 5. Bh4 c5 6. d5 Bxc3+ 7. bxc3 d6 8. e3 e5 9. Bd3 Qe7 10. Ne2 g5 11. Bg3 Nbd7 12. h4 Rg8 13. hxg5 hxg5 14. Bf5 Nb6 15. Bxc8 Rxc8 16. Qb3 Qd7 17. f3 Qa4 18. e4 Qxc4 19. Bf2 g4 20. Qc2 Kd7 21. Rh6 Rg6 22. Rxg6 fxg6 23. a4 gxf3 24. gxf3 a5 25. Qd2 Rh8 26. Qg5 Nh5 27. Rc1 Qd3 28. Qg4+ Kc7 29. Rd1 Qc4 30. Bh4 Nxa4 0-1

[Event "Liape Ciro Sanchez mem email"]
[Site "Liape email"]
[Date "2004.01.10"]
[Round "11"]
[White "Sidenko, Anatoly Viktorovich"]
[Black "Bonavena, Pablo"]
[Result "1/2-1/2"]
[WhiteElo "2357"]
[BlackElo "2070"]
[PlyCount "115"]
[EventDate "2004.??.??"]
[EventType "tourn (corr)"]
[EventRounds "9"]
[EventCountry "ARG"]
[SourceTitle "Corr 2006"]
[Source "ChessBase"]
[SourceDate "2006.04.01"]
[SourceVersion "3"]
[SourceVersionDate "2006.04.01"]
[SourceQuality "1"]

1. d4 Nf6 2. c4 e6 3. Nc3 Bb4 4. Qc2 0-0 5. a3 Bxc3+ 6. Qxc3 Ne4 7. Qc2 f5 8. Nh3 d6 9. f3 Nf6 10. e3 e5 11. dxe5 dxe5 12. Be2 c5 13. 0-0 Nc6 14. Re1 Qe8 15. b3 Be6 16. Bb2 Rd8 17. Rad1 Qg6 18. Rxd8 Rxd8 19. f4 e4 20. Rd1 Rxd1+ 21. Qxd1 Qe8 22. Bxf6 gxf6 23. Qc1 b6 24. Nf2 Na5 25. Qb2 Qe7 26. Nh1 Nb7 27. Ng3 Nd6 28. Nh5 Ne8 29. Ng3 Nd6 30. Qc3 a6 31. Kf2 Kh8 32. b4 Qd8 33. bxc5 bxc5 34. Nh5 Ne8 35. Qb3 Bc8 36. Qb8 Qd7 37. Qb6 Qe7 38. Bd1 Qd6 39. Qa7 Bd7 40. Be2 Qc6 41. a4 Kg8 42. a5 Qd6 43. h3 Qc6 44. g4 Kf7 45. Ng3 Nd6 46. gxf5 Ke7 47. Bf1 Kd8 48. Bg2 Ke7 49. h4 h6 50. h5 Kd8 51. Kg1 Ke7 52. Qb8 Qa4 53. Qh8 Qb3 54. Qh7+ Nf7 55. Bxe4 Qxe3+ 56. Kh2 Qxf4 57. Bd5 Be8 58. Qg7 1/2-1/2

[Event "Liape Ciro Sanchez mem email"]
[Site "Liape email"]
[Date "2004.01.06"]
[Round "7"]
[White "Bonavena, Pablo"]
[Black "Djoudi, Amar"]
[Result "0-1"]
[WhiteElo "2070"]
[BlackElo "2150"]
[PlyCount "64"]
[EventDate "2004.??.??"]
[EventType "tourn (corr)"]
[EventRounds "9"]
[EventCountry "ARG"]
[SourceTitle "Corr 2006"]
[Source "ChessBase"]
[SourceDate "2006.04.01"]
[SourceVersion "3"]
[SourceVersionDate "2006.04.01"]
[SourceQuality "1"]

1. e4 c5 2. Nf3 d6 3. d4 cxd4 4. Nxd4 Nf6 5. Nc3 a6 6. Be3 e6 7. g4 e5 8. Nf5 h5 9. g5 Nxe4 10. Nxg7+ Bxg7 11. Nxe4 d5 12. Nf6+ Bxf6 13. gxf6 d4 14. Bg5 Bg4 15. Be2 Qd5 16. f3 Rg8 17. h4 Nd7 18. Qd3 Nc5 19. Qa3 0-0-0 20. 0-0-0 Bf5 21. Kb1 Kb8 22. Rc1 Rc8 23. Rhg1 Rc6 24. Qa5 Rgc8 25. Rgd1 Ka7 26. Rd2 Rb6 27. Re1 Rxb2+ 28. Kxb2 Nd3+ 29. Bxd3 Qxa5 30. Bxf5 Qb4+ 31. Kc1 Qa3+ 32. Kd1 Qxf3+ 0-1

[Event "Liape A-007 email"]
[Site "Liape email"]
[Date "2003.02.20"]
[Round "6"]
[White "Bonavena, Pablo"]
[Black "Olano Aizpurua, Jose Maria"]
[Result "1-0"]
[WhiteElo "2061"]
[BlackElo "2263"]
[PlyCount "91"]
[EventDate "2003.02.15"]
[EventType "tourn (corr)"]
[EventRounds "6"]
[EventCountry "ARG"]
[SourceTitle "Corr 2006"]
[Source "ChessBase"]
[SourceDate "2006.04.01"]
[SourceVersion "3"]
[SourceVersionDate "2006.04.01"]
[SourceQuality "1"]

1. c4 Nf6 2. Nc3 g6 3. g3 Bg7 4. Bg2 d6 5. Rb1 0-0 6. b4 e5 7. d3 Nc6 8. b5 Ne7 9. Qb3 Nd7 10. Nf3 a6 11. a4 Nc5 12. Qc2 Be6 13. 0-0 axb5 14. axb5 h6 15. Bb2 c6 16. Ra1 Qb6 17. Ba3 f5 18. Rfb1 Qc7 19. bxc6 bxc6 20. Bxc5 dxc5 21. Nd2 e4 22. Rxa8 Rxa8 23. dxe4 f4 24. Na2 fxg3 25. hxg3 Qe5 26. Nc1 Qc3 27. Qxc3 Bxc3 28. Ncb3 Kf7 29. Rc1 Bb4 30. Rc2 Ra3 31. e3 Nc8 32. e5 Bf5 33. Rc1 Ra2 34. Ne4 Bxe4 35. Bxe4 Nb6 36. Bd3 Rb2 37. Na1 g5 38. f4 Bd2 39. Rc2 Bxe3+ 40. Kg2 Rb4 41. e6+ Ke7 42. f5 Bd4 43. Ra2 Nxc4 44. Nc2 Nd6 45. Nxb4 cxb4 46. Ra4 1-0

[Event "Liape A-007 email"]
[Site "Liape email"]
[Date "2003.02.19"]
[Round "5"]
[White "Oakes, Barrie"]
[Black "Bonavena, Pablo"]
[Result "1/2-1/2"]
[WhiteElo "2084"]
[BlackElo "2061"]
[PlyCount "69"]
[EventDate "2003.02.15"]
[EventType "tourn (corr)"]
[EventRounds "6"]
[EventCountry "ARG"]
[SourceTitle "Corr 2006"]
[Source "ChessBase"]
[SourceDate "2006.04.01"]
[SourceVersion "3"]
[SourceVersionDate "2006.04.01"]
[SourceQuality "1"]

1. e4 c6 2. d4 d5 3. Nc3 dxe4 4. Nxe4 Nf6 5. Nxf6+ exf6 6. Bc4 Qe7+ 7. Qe2 Bg4 8. f3 Be6 9. Bd3 Nd7 10. f4 Bd5 11. Qxe7+ Bxe7 12. Kf2 Nb6 13. b3 Be6 14. f5 Bd7 15. Nf3 Nc8 16. Re1 Kd8 17. g4 h5 18. h3 Bb4 19. Bd2 Bxd2 20. Nxd2 Kc7 21. Nf3 hxg4 22. hxg4 g6 23. c4 gxf5 24. gxf5 Nd6 25. c5 Nxf5 26. Bxf5 Bxf5 27. Re7+ Bd7 28. Rxf7 Raf8 29. Rxf8 Rxf8 30. Re1 Rf7 31. b4 Bg4 32. Re4 Bf5 33. Re3 Kd7 34. Nh4 Bb1 35. Ng2 1/2-1/2

[Event "Liape A-007 email"]
[Site "Liape email"]
[Date "2003.02.16"]
[Round "2"]
[White "Bonavena, Pablo"]
[Black "Bruscato Costa, Rodrigo"]
[Result "1-0"]
[WhiteElo "2061"]
[BlackElo "1991"]
[PlyCount "71"]
[EventDate "2003.02.15"]
[EventType "tourn (corr)"]
[EventRounds "6"]
[EventCountry "ARG"]
[SourceTitle "Corr 2006"]
[Source "ChessBase"]
[SourceDate "2006.04.01"]
[SourceVersion "3"]
[SourceVersionDate "2006.04.01"]
[SourceQuality "1"]

1. c4 e5 2. Nc3 Nf6 3. Nf3 Qe7 4. Qc2 Nc6 5. e3 g6 6. a3 Bg7 7. Be2 0-0 8. 0-0 d6 9. d3 Bf5 10. Nd2 Rae8 11. Bf3 Nd8 12. Rb1 c6 13. b4 Ne6 14. Nce4 Bxe4 15. dxe4 Ng5 16. Bb2 Nxf3+ 17. Nxf3 b5 18. Rfd1 bxc4 19. Qxc4 Rc8 20. Rd2 d5 21. exd5 cxd5 22. Qa6 e4 23. Ne5 Nh5 24. Rxd5 Rc2 25. Ba1 Rfc8 26. Nd7 Qh4 27. g3 Qg4 28. Nc5 Bf8 29. Rf1 Bxc5 30. bxc5 R2xc5 31. Rxc5 Rxc5 32. Qxa7 Rc6 33. Qe7 Rc8 34. a4 Qe6 35. Qxe6 fxe6 36. Rb1 1-0

[Event "CAPA 4/I/12 email"]
[Site "Argentina"]
[Date "2001.??.??"]
[Round "5"]
[White "Nunez, Pablo"]
[Black "Bonavena, Pablo"]
[Result "1/2-1/2"]
[WhiteElo "2070"]
[BlackElo "2000"]
[PlyCount "64"]
[EventDate "2001.??.??"]
[EventType "tourn (corr)"]
[EventRounds "6"]
[EventCountry "ARG"]
[SourceTitle "Corr 2002"]
[Source "ChessBase"]
[SourceDate "2002.05.23"]
[SourceVersion "1"]
[SourceVersionDate "2002.05.23"]
[SourceQuality "1"]

1. d4 d5 2. c4 c6 3. Nf3 Nf6 4. Nc3 dxc4 5. a4 Bf5 6. e3 Bd3 7. Bxd3 cxd3 8. Qxd3 e6 9. e4 Be7 10. 0-0 h6 11. Be3 Na6 12. Ne5 Nb4 13. Qe2 0-0 14. f4 Qe8 15. f5 Qc8 16. Ng4 Nxg4 17. Qxg4 exf5 18. Rxf5 Qe6 19. Rd1 Nc2 20. Bc1 Rad8 21. d5 cxd5 22. exd5 Ne3 23. Bxe3 Qxe3+ 24. Kh1 Bd6 25. Rff1 Rfe8 26. Nb5 Qe4 27. Qh5 f6 28. Rd4 Re5 29. Qd1 Qe3 30. Rd3 Qb6 31. Re1 Rde8 32. Rxe5 Rxe5 1/2-1/2